00493nam a2200169Ia 450000500170000000800410001702000180005804100120007608200180008810000210010624500740012725000120020126000600021330000190027365000110029265000200030320260429112151.0260429s9999||||xx |||||||||||||| ||und|| a9788173915628 aEnglish a791.0954bNAR aNarayan, Shovana 0aPerforming arts in India : ba policy perspective / cShovana Narayan a1st ed. aNew Delhi : bKanishka Publishers, Distributors,c2025. avi, 135 p.; hb a India aPerforming arts